logo

Bir Sreshtho Munshi Abdur Rouf Library
Jhenaidah Cadet College

Learning and human abilities : (Record no. 7432)

MARC details
000 -LEADER
fixed length control field 00981cam a2200325 i 4500
001 - CONTROL NUMBER
JCCL Control Number 7432
003 - CONTROL NUMBER IDENTIFIER
JCCL marc code BD-JhCC
005 - DATE AND TIME OF LATEST TRANSACTION
control field 20180418174216.0
008 - FIXED-LENGTH DATA ELEMENTS--GENERAL INFORMATION
fixed length control field 741029s1975 nyua b 001 0 eng
020 ## - INTERNATIONAL STANDARD BOOK NUMBER
International Standard Book Number 0060436956
035 ## - SYSTEM CONTROL NUMBER
system control number (BD-JhCC)7432
040 ## - CATALOGING SOURCE
Original cataloging agency DLC
Transcribing agency DLC
Modifying agency DLC
-- BD-JhCC
041 ## - LANGUAGE CODE
Language code of Book eng
050 00 - LIBRARY OF CONGRESS CALL NUMBER
Classification number LB1051
Item number .K67 1975
060 ## - NATIONAL LIBRARY OF MEDICINE CALL NUMBER
Classification number LB1051 K63L 1975
082 00 - DEWEY DECIMAL CLASSIFICATION NUMBER
Classification number 370.15
Author mark and Year KLA 1975
100 1# - MAIN ENTRY--PERSONAL NAME
Personal name Klausmeier, Herbert J.
Fuller form of name (Herbert John),
Dates associated with a name 1915-2014.
245 10 - TITLE STATEMENT
Title Learning and human abilities :
Remainder of title educational psychology /
Statement of responsibility, etc Herbert J. Klausmeier
250 ## - EDITION STATEMENT
Edition statement 4th ed.
260 ## - PUBLICATION, DISTRIBUTION, ETC. (IMPRINT)
Place of publication, distribution, etc New York :
Name of publisher, distributor, etc Harper & Row,
Date of publication, distribution, etc [1975]
300 ## - PHYSICAL DESCRIPTION
Pagination xii, 558 p. :
Other physical details ill. ;
Dimensions 27 cm.
500 ## - GENERAL NOTE
General note Includes indexes.
504 ## - BIBLIOGRAPHY, ETC. NOTE
Bibliography, etc Bibliography: p. [525]-544.
650 #0 - SUBJECT ADDED ENTRY--TOPICAL TERM
Topical term or geographic name as entry element Educational psychology.
650 #2 - SUBJECT ADDED ENTRY--TOPICAL TERM
Topical term or geographic name as entry element Aptitude
General subdivision In infancy and childhood.
650 #2 - SUBJECT ADDED ENTRY--TOPICAL TERM
Topical term or geographic name as entry element Learning
General subdivision In infancy and childhood.
650 #2 - SUBJECT ADDED ENTRY--TOPICAL TERM
Topical term or geographic name as entry element Psychology, Educational.
942 ## - ADDED ENTRY ELEMENTS (KOHA)
Source of classification or shelving scheme Dewey Decimal Classification
Koha item type Books
Holdings
Source of classification or shelving scheme Damaged status Not for loan Home library Current library Shelving location Total Checkouts Full call number Barcode Date last seen Copy number Koha item type
Dewey Decimal Classification     JCC Rouf Library JCC Rouf Library General Stacks   370.15 KLA 1975 1159 02/10/2018 C - 1 Books

JCC Library | Contacts | JCC Home

Last Update on 23 September 2017
Copyright @ 2017-2020 JCC Rouf Library
Rouf Library, Jhenidah Cadet College (JCC), Bangladesh